000 00401nam a22001697a 4500
005 20160430105946.0
008 160430b xxu||||| |||| 00| 0 eng d
020 _a978-81-8054-641-9
041 _aeng
082 _b1018
100 _aGupta S.P. Gupta M.P.
_9319
245 _aBusiness Statistics
260 _bSultan Chand & Sons.
_c2009
300 _a711
650 _aManagement
_9241
942 _cBK
999 _c367
_d367